Dishonest Picture Quiz - Statistics

General Stats
  • This quiz has been taken 18 times
  • The average score is 12 of 16
Answer Stats
Picture Answer % Correct
Rabbit
89%
Sea Turtle
83%
Apple
78%
Campfire
78%
Captain America
78%
Fish
78%
Germany
78%
Spider-Man
78%
Tree
78%
Batman
72%
Golf
72%
Squirrel
72%
Tiger
72%
Car
67%
Charlie Brown
67%
Colombia
67%
No matching quizzes found
Score Distribution
Percent of People with Each Score
Percentile by Number Answered
Your Score History
You have not taken this quiz